PROFAM. (Registro nro. 162)

Detalles MARC
000 -LEADER
fixed length control field 01222 am a2200301 a 4500
005 - FECHA ULTIMA MODIFICACION
control field 20240522110951.0
008 - CAMPO DE CONTROL (LIBRO)
fixed length control field 100319s2007||||ag ||||f |||| 000 0 spa d
020 ## - INTERNATIONAL STANDARD BOOK NUMBER
ISBN 9789879347263
041 ## - CODIGO DE IDIOMA
Código de idioma del texto/pista de sonido o título separado spa
092 ## - SIGNATURA TOPOGRAFICA DEWEY LOCAL
número de clasificación 616.2
libristica 68
sección PRO
245 ## - TITULO PROPIAMENTE DICHO
Título PROFAM.
Subtítulo y Título paralelo Problemas respiratorios frecuentes /
Mención de responsabilidad y remanente de la transcripción de la portada Esteban Rubinstein
250 ## - MENCION DE EDICION
Mención de edición 3a ed.
260 ## - PIE DE IMPRENTA
Lugar de publicación, distribución, etc Buenos Aires:
Nombre de la editorial, distribuidor, etc Fundación MF "Para el desarrollo de la Medicina Familiar y la Atención Primaria de la Salud";
Fecha de publicación 2007.
300 ## - DESCRIPCION FISICA
Extension 197 p.
Dimensiones 28x20 cm.
500 ## - NOTA GENERAL
Nota general Rubinstein, E. (Ed.). et al. (2007). PROFAM. Problemas respiratorios frecuentes. (3a ed.). Buenos Aires : Fundación MF "Para el desarrollo de la Medicina Familiar y la Atención primaria de la Salud".
590 ## - NOTAS LOCALES (RLIN)
Nota local Donación Grupo de Taller Escuela de Medicina, 2008
653 ## - TÉRMINO INDIZADO - PALABRAS CLAVES
Palabra clave Patología aguda de la vía aérea superior
653 ## - TÉRMINO INDIZADO - PALABRAS CLAVES
Palabra clave Infecciones agudas de la vía aérea inferior
653 ## - TÉRMINO INDIZADO - PALABRAS CLAVES
Palabra clave Asma
653 ## - TÉRMINO INDIZADO - PALABRAS CLAVES
Palabra clave Enfermedad pulmonar obstructiva crónica
653 ## - TÉRMINO INDIZADO - PALABRAS CLAVES
Palabra clave Tuberculosis
700 1# - ENTRADAS SECUNDARIAS - NOMBRE PERSONAL
Nombre personal Rubinstein, Esteban
Función Ed.
9 (RLIN) 433
700 1# - ENTRADAS SECUNDARIAS - NOMBRE PERSONAL
Nombre personal Zarate, Miguel
Función Ed.
9 (RLIN) 434
700 1# - ENTRADAS SECUNDARIAS - NOMBRE PERSONAL
Nombre personal Carrete, Paula
Función Ed.
9 (RLIN) 435
700 1# - ENTRADAS SECUNDARIAS - NOMBRE PERSONAL
Nombre personal Deprati, Matías
Función Ed.
9 (RLIN) 436
930 ## - NUMERO DE INVENTARIO
Número de inventario 1955
942 ## - ADDED ENTRY ELEMENTS (KOHA)
Source of classification or shelving scheme Dewey Decimal Classification
Item type Libros
Existencias
Estado de retiro Existencia Fuente de clasificación Estado general No para prestamo Ubicación permanente ubicación actual Sala de ubicación Fecha de adquisición Fuente de adquisición Total Checkouts Total Renewals Número de clasificación Código de barras Date last seen Date last borrowed Número de ejemplar Price effective from Koha tipo de elemento (item) Public note Coded location qualifier
    Dewey Decimal Classification     Biblioteca Medicina Biblioteca Medicina Circulación 13/05/2011 Donación Grupo deTaller Escuela de Medicina, 2008 6 4 616.2 68 PRO 1955 27/09/2024 26/08/2024 ej.1 13/05/2011 Libros Donación Grupo deTaller Escuela de Medicina, 2008  

UNIVERSIDAD NACIONAL DEL COMAHUE
Biblioteca de la Facultad de Ciencias Médicas
Sede Toschi: Los Arrayanes y Av. Toschi, Cipolletti  - Rio Negro
Sede Los Tordos:  Yrigoyen al 2211, Cipolletti - Rio Negro 

Teléfono: 0299 - 4774707 int 25
Contacto: biblioteca@facimed.uncoma.edu.ar
© 2011 - 2026